00813nam a22002177a 450000500170000000800410001702000180005804000070007604100120008308200210009510000260011624500590014226000610020130000260026236500570028865000280034565000270037394200120040099900190041295201640043120260416093547.0260416b |||||||| |||| 00| 0 eng d a9789354667947 cAL aEnglish a621.380414bCHAO aP Chakrabarti9261741 aOptoelectronic devices and optical fiber communication aNew DelhibCBS Publishers and distributors Pvt Ltdc2024 a586 p.bPBc24x17 cm. aVBI-2645b₹562.50c₹d₹750.00e25%f20-02-2026 aOptical sources9261742 aPhotodetectors9261743 2ddccBK c241254d241254 00102ddc40708ECE aSEbSEd2026-04-09eVidyathri Books, Bengaluru-560076g562.50l0o621.380414 CHAOpSE000486r2026-04-16 09:36:41v750.00w2026-02-20yBK